Bumper Book Of Nature (Record no. 577900)

MARC details
000 -LEADER
fixed length control field 00418nam a22001577a 4500
008 - FIXED-LENGTH DATA ELEMENTS--GENERAL INFORMATION
fixed length control field 250729b |||||||| |||| 00| 0 eng d
020 ## - INTERNATIONAL STANDARD BOOK NUMBER
ISBN 9780307589996
Paper back/Hardbound hbk
041 ## - LANGUAGE CODE
Language code of text/sound track or separate title eng
082 ## - DEWEY DECIMAL CLASSIFICATION NUMBER
Classification number 508.078
Item number MOS
100 ## - MAIN ENTRY--AUTHOR NAME
Personal name Stephen Moss
245 ## - TITLE STATEMENT
Title Bumper Book Of Nature
Sub Title : a user's guide to the great outdoors
Statement of responsibility, etc Stephen Moss
260 ## - PUBLICATION, DISTRIBUTION, ETC. (IMPRINT)
Name of publisher Crown
650 ## - SUBJECT ADDED ENTRY--TOPICAL TERM
Topical Term Stephen Moss
942 ## - ADDED ENTRY ELEMENTS (KOHA)
Koha item type Reference
Holdings
Withdrawn status Lost status Damaged status Not for loan Home library Current library Shelving location Date acquired Full call number Accession Number Price effective from Koha item type
        Anna Centenary Library Anna Centenary Library 5TH FLOOR, A WING 20.11.2010 508.078 MOS 378866 29.07.2025 Reference

Find us on the map